Pollutants in the Museum environment practical strategies for problem solving in design, exhibition and storage

Salvato in:
Dettagli Bibliografici
Autore principale: Hatchfield, Pamela B.
Natura: Libro
Lingua:inglese
Pubblicazione: London Archetype Publications 2002
Edizione:1st publ.
Soggetti:
Accesso online:Visualizza in OPAC
Tags: Aggiungi Tag
Nessun Tag, puoi essere il primo ad aggiungerne!!

MARC

LEADER 00000nam a2200000 a 4500
005 20260127134335.0
008 171201s2002 enko f 00100 eng
020 |a 1873132964  |q (brož.) 
035 |a vtls001487043 
035 |a SNK000442335 
039 9 |a 201712011332  |b VLOAD  |z staff 
040 |a SNK  |b slo  |c SNK  |e AACR2 
041 0 |a eng 
044 |a uk  |c GB 
072 7 |a 069  |x Múzeá. Muzeológia. Múzejníctvo. Výstavy  |2 konspekt 
072 7 |a 504  |x Znečistenie a poškodenie životného prostredia  |2 konspekt 
080 |a 504.5  |2 MDT-MRF 
080 |a 069  |2 MDT-MRF 
080 |a 069.5  |2 MDT-MRF 
080 |a (035)  |2 MDT-MRF 
100 1 |a Hatchfield, Pamela B. 
245 1 0 |a Pollutants in the Museum environment  |b practical strategies for problem solving in design, exhibition and storage  |c Pamela B. Hatchfield 
250 |a 1st publ. 
260 |a London  |b Archetype Publications  |c 2002 
300 |a xi, 203 s.  |b ilustr., sch.  |c 28 cm 
650 0 7 |a znečisťujúce látky  |2 SNKPH 
650 0 7 |a múzeá  |2 SNKPH 
650 0 7 |a múzejné zbierky  |2 SNKPH 
655 7 |a príručky  |2 SNKPH 
919 |a 1-873132-96-4 
999 |c 10274  |d 10274